Biggest European Cities To Never Host Eurovision - Statistics

General Stats
  • This quiz has been taken 2,663 times
  • The average score is 6 of 10
Answer Stats
Population City % Correct
3,748,148 Berlin
80%
1,636,762 Barcelona
76%
5,383,890 Saint Petersburg
74%
1,793,579 Warsaw
68%
1,404,239 Milan
67%
1,768,073 Budapest
57%
2,155,240 Bucharest
55%
1,899,160 Hamburg
51%
1,982,444 Minsk
37%
1,451,132 Kharkiv
22%
No matching quizzes found
Score Distribution
Percent of People with Each Score
Percentile by Number Answered
Your Score History
You have not taken this quiz